00214nam a2200085 a 450000500170000000800410001705000160005824500220007426000320009620140513081056.0070202s19uu xx 00 eng d aPbFOR 2006 aForce and motion. bMabuhay Educational,c2006.